Statistics for Directors of the Top 250 Letterboxd Films

Click here to take the quiz!

General Stats

  • This quiz has been taken 101 times
    (51 since last reset)
  • The average score is 132 of 250

Answer Stats

RankFilmDirector% Correct
23The Dark KnightChristopher Nolan
100%
222The PrestigeChristopher Nolan
100%
204OppenheimerChristopher Nolan
100%
93InterstellarChristopher Nolan
100%
216Saving Private RyanSteven Spielberg
98%
13Schindler's ListSteven Spielberg
98%
5The Godfather: Part IIFrancis Ford Coppola
95%
34Apocalypse NowFrancis Ford Coppola
95%
9The GodfatherFrancis Ford Coppola
95%
208The King of ComedyMartin Scorsese
95%
129The DepartedMartin Scorsese
95%
22GoodfellasMartin Scorsese
95%
184Raging BullMartin Scorsese
95%
195The ShiningStanley Kubrick
95%
58Barry LyndonStanley Kubrick
95%
1332001: A Space OdysseyStanley Kubrick
95%
29Paths of GloryStanley Kubrick
95%
127Dr. Strangelove or: How I Learned to Stop Worrying and Love the BombStanley Kubrick
95%
69Rear WindowAlfred Hitchcock
93%
109PsychoAlfred Hitchcock
93%
201VertigoAlfred Hitchcock
93%
60The Lord of the Rings: The Two TowersPeter Jackson
93%
73The Lord of the Rings: The Fellowship of the RingPeter Jackson
93%
18The Lord of the Rings: The Return of the KingPeter Jackson
93%
91Inglourious BasterdsQuentin Tarantino
93%
169Django UnchainedQuentin Tarantino
93%
171Pulp FictionQuentin Tarantino
93%
170Fantastic Mr. FoxWes Anderson
91%
237FargoJoel Coen
91%
101No Country for Old MenJoel Coen / Ethan Coen
91%
231MagnoliaPaul Thomas Anderson
91%
27There Will Be BloodPaul Thomas Anderson
91%
238Boogie NightsPaul Thomas Anderson
91%
193The Grand Budapest HotelWes Anderson
91%
194Mulholland DriveDavid Lynch
89%
220The Elephant ManDavid Lynch
89%
55Do the Right ThingSpike Lee
89%
161Modern TimesCharlie Chaplin
86%
121The Great DictatorCharlie Chaplin
86%
90City LightsCharlie Chaplin
86%
103An Elephant Sitting StillHu Bo
86%
72The PianistRoman Polanski
86%
145ChinatownRoman Polanski
86%
64Once Upon a Time in the WestSergio Leone
86%
247Once Upon a Time in AmericaSergio Leone
86%
20The Good, the Bad and the UglySergio Leone
86%
4Seven SamuraiAkira Kurosawa
84%
173Throne of BloodAkira Kurosawa
84%
6High and LowAkira Kurosawa
84%
227Dersu UzalaAkira Kurosawa
84%
126YojimboAkira Kurosawa
84%
108Red BeardAkira Kurosawa
84%
217RashomonAkira Kurosawa
84%
14IkiruAkira Kurosawa
84%
17RanAkira Kurosawa
84%
165Fight ClubDavid Fincher
82%
104Se7enDavid Fincher
82%
245Citizen KaneOrson Welles
82%
158La Dolce VitaFederico Fellini
80%
75Nights of CabiriaFederico Fellini
80%
131Federico Fellini
80%
30Autumn SonataIngmar Bergman
80%
213Winter LightIngmar Bergman
80%
79Scenes from a MarriageIngmar Bergman
80%
49Fanny and AlexanderIngmar Bergman
80%
98Wild StrawberriesIngmar Bergman
80%
85The Seventh SealIngmar Bergman
80%
46PersonaIngmar Bergman
80%
154Terminator 2: Judgment DayJames Cameron
77%
205CureKiyoshi Kurosawa
77%
159AlienRidley Scott
77%
48Memories of MurderBong Joon-ho
75%
7ParasiteBong Joon-ho
75%
112Howl's Moving CastleHayao Miyazaki
73%
70Princess MononokeHayao Miyazaki
73%
26Spirited AwayHayao Miyazaki
73%
180MetropolisFritz Lang
70%
113MFritz Lang
70%
116AmadeusMiloš Forman
70%
78One Flew Over the Cuckoo's NestMiloš Forman
70%
92MirrorAndrei Tarkovsky
68%
176NostalgiaAndrei Tarkovsky
68%
41StalkerAndrei Tarkovsky
68%
132The SacrificeAndrei Tarkovsky
68%
42Andrei RublevAndrei Tarkovsky
68%
192SolarisAndrei Tarkovsky
68%
35Sunset BoulevardBilly Wilder
68%
38The ApartmentBilly Wilder
68%
197Some Like It HotBilly Wilder
68%
94Witness for the ProsecutionBilly Wilder
68%
177Double IndemnityBilly Wilder
68%
190Ace in the HoleBilly Wilder
68%
120Everything Everywhere All at OnceDaniel Scheinert / Daniel Kwan
68%
149PrisonersDenis Villeneuve
68%
16Dune: Part TwoDenis Villeneuve
68%
53IncendiesDenis Villeneuve
68%
61It's a Wonderful LifeFrank Capra
68%
10The Shawshank RedemptionFrank Darabont
68%
241The Green MileFrank Darabont
68%
81The ThingJohn Carpenter
68%
39WhiplashDamien Chazelle
66%
226The Bridge on the River KwaiDavid Lean
66%
125Brief EncounterDavid Lean
66%
80Lawrence of ArabiaDavid Lean
66%
167HeatMichael Mann
66%
59OldboyPark Chan-wook
66%
123Dog Day AfternoonSidney Lumet
66%
175NetworkSidney Lumet
66%
312 Angry MenSidney Lumet
66%
99The Silence of the LambsJonathan Demme
64%
47The HandmaidenPark Chan-wook
61%
186Dead Poets SocietyPeter Weir
61%
250The Truman ShowPeter Weir
61%
84Before SunsetRichard Linklater
59%
97Before SunriseRichard Linklater
59%
96Life Is BeautifulRoberto Benigni
59%
183Perfect DaysWim Wenders
59%
130Wings of DesireWim Wenders
59%
57Paris, TexasWim Wenders
59%
52In the Mood for LoveWong Kar-wai
59%
137Chungking ExpressWong Kar-wai
59%
134Children of MenAlfonso Cuarón
57%
143Good Will HuntingGus Van Sant
55%
200The Man Who Shot Liberty ValanceJohn Ford
52%
160CasablancaMichael Curtiz
52%
2Come and SeeElem Klimov
50%
187Opening NightJohn Cassavetes
48%
62A Woman Under the InfluenceJohn Cassavetes
48%
106Late SpringYasujirō Ozu
48%
37Tokyo StoryYasujirō Ozu
48%
244An Autumn AfternoonYasujirō Ozu
48%
71Sherlock, Jr.Buster Keaton
45%
11Yi YiEdward Yang
45%
19A Brighter Summer DayEdward Yang
45%
115The 400 BlowsFrançois Truffaut
45%
1HarakiriMasaki Kobayashi
45%
50The Human Condition II: Road to EternityMasaki Kobayashi
45%
21The Human Condition I: No Greater LoveMasaki Kobayashi
45%
214Samurai RebellionMasaki Kobayashi
45%
8The Human Condition III: A Soldier's PrayerMasaki Kobayashi
45%
203The Iron GiantBrad Bird
43%
155The Treasure of the Sierra MadreJohn Huston
43%
15La HaineMathieu Kassovitz
43%
153Das BootWolfgang Petersen
43%
74SatantangoBéla Tarr
41%
128Werckmeister HarmoniesBéla Tarr
41%
56Perfect BlueSatoshi Kon
41%
232Millennium ActressSatoshi Kon
41%
36Portrait of a Lady on FireCéline Sciamma
41%
12City of GodFernando Meirelles
41%
229The HoldoversAlexander Payne
39%
28Grave of the FirefliesIsao Takahata
39%
211The Tale of the Princess KaguyaIsao Takahata
39%
191Eternal Sunshine of the Spotless MindMichel Gondry
39%
110Singin' in the RainStanley Donen / Gene Kelly
39%
147The HuntThomas Vinterberg
39%
157The CelebrationThomas Vinterberg
39%
88Nobody KnowsHirokazu Kore-eda
36%
140ShopliftersHirokazu Kore-eda
36%
117Still WalkingHirokazu Kore-eda
36%
141MonsterHirokazu Kore-eda
36%
95All About EveJoseph L. Mankiewicz
36%
234Happy TogetherWong Kar-wai
36%
118MommyXavier Dolan
36%
122All That JazzBob Fosse
34%
202AftersunCharlotte Wells
34%
51The Empire Strikes BackIrvin Kershner
34%
235AparajitoSatyajit Ray
34%
111Apur SansarSatyajit Ray
34%
138Pather PanchaliSatyajit Ray
34%
172The Third ManCarol Reed
32%
236AmourMichael Haneke
32%
44Mishima: A Life in Four ChaptersPaul Schrader
32%
87A Man EscapedRobert Bresson
32%
168The Night of the HunterCharles Laughton
30%
248The Life and Death of Colonel BlimpEmeric Pressburger / Michael Powell
30%
221A Matter of Life and DeathEmeric Pressburger / Michael Powell
30%
65The Red ShoesEmeric Pressburger / Michael Powell
30%
89Three Colours: RedKrzysztof Kieślowski
30%
198Who's Afraid of Virginia Woolf?Mike Nichols
30%
105Paper MoonPeter Bogdanovich
30%
119Taste of CherryAbbas Kiarostami
27%
45Close-UpAbbas Kiarostami
27%
215Life, and Nothing More...Abbas Kiarostami
27%
86Where Is the Friend's House?Abbas Kiarostami
27%
148The FatherFlorian Zeller
27%
31Cinema ParadisoGiuseppe Tornatore
27%
178La NotteMichelangelo Antonioni
27%
124Bicycle ThievesVittorio De Sica
27%
219Umberto D.Vittorio De Sica
27%
25Spider-Man: Across the Spider-VerseJoaquim Dos Santos / Justin K. Thompson / Kemp Powers
25%
179Jeanne Dielman, 23, quai du Commerce, 1080 BruxellesChantal Akerman
25%
223Secrets & LiesMike Leigh
25%
24Neon Genesis Evangelion: The End of EvangelionHideaki Anno
23%
181Evangelion: 3.0+1.0 Thrice Upon a TimeHideaki Anno
23%
144ZCosta-Gavras
23%
225RitualHideaki Anno
23%
77Love ExposureSion Sono
23%
199Judgment at NurembergStanley Kramer
23%
210SorcererWilliam Friedkin
23%
76A SeparationAsghar Farhadi
20%
243Your Name. Makoto Shinkai
20%
102OrdetCarl Theodor Dreyer
20%
40The Passion of Joan of ArcCarl Theodor Dreyer
20%
163The Lives of OthersFlorian Henckel von Donnersmarck
20%
185UgetsuKenji Mizoguchi
20%
66Sansho the BailiffKenji Mizoguchi
20%
33Le TrouJacques Becker
18%
135The Young Girls of RochefortJacques Demy
18%
162Rocco and His BrothersLuchino Visconti
18%
224NapoleonAbel Gance
16%
218Marcel the Shell with Shoes OnDean Fleischer Camp
16%
240The Lion KingRoger Allers / Rob Minkoff
16%
246The Face of AnotherHiroshi Teshigahara
16%
32Woman in the DunesHiroshi Teshigahara
16%
182Le SamouraïJean-Pierre Melville
16%
100Army of ShadowsJean-Pierre Melville
16%
242Anatomy of a MurderOtto Preminger
16%
212Sweet Smell of SuccessAlexander Mackendrick
14%
67It's Such a Beautiful DayDon Hertzfeldt
14%
43 Spider-Man: Into the Spider-VerseRodney Rothman / Peter Ramsey / Bob Persichetti
14%
188UndergroundEmir Kusturica
14%
63The Battle of AlgiersGillo Pontecorvo
14%
114The Wages of FearHenri-Georges Clouzot
14%
68The AscentLarisa Shepitko
14%
233Make Way for TomorrowLeo McCarey
14%
107Landscape in the MistTheo Angelopoulos
14%
156The Weeping MeadowTheo Angelopoulos
14%
83Eternity and a DayTheo Angelopoulos
14%
152Farewell My ConcubineChen Kaige
11%
139To Be or Not to BeErnst Lubitsch
11%
207The CrematorJuraj Herz
11%
189Children of ParadiseMarcel Carné
11%
249Happy HourRyusuke Hamaguchi
11%
151Raise the Red LanternZhang Yimou
11%
2304 Months, 3 Weeks and 2 DaysCristian Mungiu
9%
196RififiJules Dassin
9%
136TampopoJūzō Itami
9%
164The Best of YouthMarco Tullio Giordana
9%
82I Am CubaMikhail Kalatozov
9%
54The Cranes Are FlyingMikhail Kalatozov
9%
142Funeral Parade of RosesToshio Matsumoto
9%
209Central StationWalter Salles
9%
150The Fifth SealZoltán Fábri
9%
228Mary and MaxAdam Elliot
7%
166AkiraKatsuhiro Otomo
7%
146War and PeaceSergey Bondarchuk
7%
206EurekaShinji Aoyama
7%
239The Disappearance of Haruhi SuzumiyaYasuhiro Takemoto / Tatsuya Ishihara
5%
174A Special DayEttore Scola
5%

Score Distribution

Percentile by Number Answered

Percent of People with Each Score

Your Score History

You have not taken this quiz since the last reset